| 000 | 00422pab a2200169 454500 | ||
|---|---|---|---|
| 008 | 180718b2005 xxu||||| |||| 00| 0 eng d | ||
| 100 | _aEngel, Eduardo | ||
| 245 | _aHighway franchising and real estate values | ||
| 260 | _c2005 | ||
| 300 | _ap.432-48. | ||
| 362 | _aMay | ||
| 650 | _aHousing | ||
| 700 | _aGaletovic, Alexander | ||
| 700 | _aFischer, Ronald | ||
| 773 | _aJournal of Urban Economics | ||
| 909 | _a66521 | ||
| 999 |
_c66521 _d66521 |
||